LEADER 00994nam0-22003491i-450- 001 990001435490403321 005 20140612110545.0 010 $a0-07-065496-4 035 $a000143549 035 $aFED01000143549 035 $a(Aleph)000143549FED01 035 $a000143549 100 $a20001205d1994----km-y0itay50------ba 101 0 $aeng 102 $aUS 105 $aa---j-------- 200 1 $aFundamentals of computing$fAllen B. Tucker ... [et al.] 205 $aPascal ed. rev. 210 $aNew York$cMcGraw-Hill$dİ1994 215 $axxii, 497 p.$cill.$d25 cm 225 1 $aMcGraw-Hill Computer Science Series 327 0 $a1.: Logic, problem solving, programs, and computers 610 0 $aSistemi software 676 $a005 702 1$aTucker,$bAllen B. 801 0$aIT$bUNINA$gRICA$2UNIMARC 901 $aBK 912 $a990001435490403321 952 $a005-TUC-1-1$b3 (presidenza)$fSC1 959 $aSC1 996 $aFundamentals of computing$9375084 997 $aUNINA LEADER 02678nam 2200625 450 001 9910459204203321 005 20170816125605.0 010 $a1-282-82204-7 010 $a9786612822049 010 $a1-4411-9737-0 010 $a1-4411-7976-3 035 $a(CKB)2670000000052260 035 $a(EBL)592410 035 $a(OCoLC)679932987 035 $a(SSID)ssj0000429737 035 $a(PQKBManifestationID)12182017 035 $a(PQKBTitleCode)TC0000429737 035 $a(PQKBWorkID)10451970 035 $a(PQKB)11028705 035 $a(MiAaPQ)EBC592410 035 $a(MiAaPQ)EBC5309468 035 $a(EXLCZ)992670000000052260 100 $a20180315h20102010 uy 0 101 0 $aeng 135 $aur|n|---||||| 181 $ctxt 182 $cc 183 $acr 200 00$aThree minutes of hope $eHugo Gryn on the God slot /$fedited by Naomi Gryn 210 1$aLondon, [England] ;$aNew York, [New York] :$cContinuum,$d2010. 210 4$dİ2010 215 $a1 online resource (289 p.) 300 $aDescription based upon print version of record. 311 $a1-4411-4035-2 320 $aIncludes bibliographical references and index. 327 $aCONTENTS; LIST OF ILLUSTRATIONS; FOREWORD; INTRODUCTION; HUGO'S ANECDOTAGE; JEWISH CALENDAR; FIVE BOOKS OF MOSES; THE PROPHETS AND OTHER BOOKS OF THE BIBLE; LOVING YOUR NEIGHBOUR AND THE STRANGER; HUGO'S SPIRITUAL HEROES AND THE JEWISH WORLD; SECOND WORLD WAR AND THE HOLOCAUST; GLOSSARY AND BIOGRAPHIES; BIBLIOGRAPHY; INDEX; ACKNOWLEDGEMENTS 330 $aHugo Gryn's death triggered a huge outpouring of grief, not just from the congregation at the West London Synagogue where he was rabbi for 32 years, but from the much wider audience who had come to know him as a regular panellist on The Moral Maze and through his broadcasts on various 'God slots' for the BBC and Capital Radio. With just a couple of minutes to inject a dose of spirituality into the daily lives of believers and non-believers alike, Hugo's gentle humour, his warmth and compassion, his deep spirituality and his unquenchable faith in humanity made a lasting impression on listeners 606 $aJudaism$y20th century 606 $aJudaism and politics 606 $aJudaism$xSocial aspects 608 $aElectronic books. 615 0$aJudaism 615 0$aJudaism and politics. 615 0$aJudaism$xSocial aspects. 676 $a201.7 676 $a296.7/2 676 $a296.72 702 $aGryn$b Naomi 801 0$bMiAaPQ 801 1$bMiAaPQ 801 2$bMiAaPQ 906 $aBOOK 912 $a9910459204203321 996 $aThree minutes of hope$92018603 997 $aUNINA LEADER 03477nam 22006133u 450 001 9910792265603321 005 20230422051918.0 010 $a0-19-151338-5 035 $a(CKB)2560000000294794 035 $a(EBL)430922 035 $a(OCoLC)666985757 035 $a(StDuBDS)EDZ0000022519 035 $a(MiAaPQ)EBC430922 035 $a(EXLCZ)992560000000294794 100 $a20160502d1999|||| u|| | 101 0 $aeng 135 $aur|n|---||||| 200 10$aI.R.A. and its Enemies$b[electronic resource] $eViolence and Community in Cork, 1916-1923 210 $aOxford $cClarendon$d1999 215 $a1 online resource (367 p.) 300 $aDescription based upon print version of record. 311 $a0-19-820806-5 311 $a0-19-167789-2 320 $aIncludes bibliographical references and index. 327 $aContents; List of Figures; List of Tables; Abbreviations; Map to show districts and towns in Cork; 1. Introduction: The Killing of Sergeant O'Donoghue; PART I: REVOLUTION, 1916-1923; 2. The Kilmichael Ambush; 3. Rebel Cork; 4. Dying for Ireland; 5. The Cork Republic; PART II: REBELS; 6. The Boys of Kilmichael; 7. Volunteers; 8. Youth and Rebellion; PART III: THE PATH TO REVOLUTION; 9. The Rise and Fall of a Revolutionary Family; 10. Volunteering; 11. Guerrillas; PART IV: NEIGHBOURS AND ENEMIES; 12. Taking it out on the Protestants; 13. Spies and Informers 327 $aAppendix: Sources and Definitions: I.R.A. Membership and ViolenceBibliography; Index; A; B; C; D; E; F; G; H; I; J; K; L; M; N; O; P; Q; R; S; T; U; V; W 330 $aWhat is it like to be in the I.R.A., to fight them, or to be at their mercy? This book explores the lives, deaths, enemies, and victims of the most powerful guerrillas of twentieth-century Ireland: those of the Cork I.R.A. between 1916 and 1923. Drawing on an unprecedented body of sources, including numerous interviews this is a uniquely intimate study of revolution, guerrilla war, and ethnic conflict. - ;What is it like to be in the I.R.A. - or at their mercy? This fascinating study explores the lives and deaths of the enemies and victims of the County Cork I.R.A. between 1916 and 1923 - the 606 $aCommunity life -- Ireland -- Cork (County) -- History -- 20th century 606 $aCork (Ireland : County) -- History 606 $aIreland -- History -- 1910-1921 606 $aIreland -- History -- Civil War, 1922-1923 606 $aIreland -- History -- Easter Rising, 1916 606 $aIrish Republican Army -- History 606 $aViolence -- Ireland -- Cork (County) -- History -- 20th century 607 $aCork (Ireland : County)$xHistory 607 $aIreland$xHistory$y1910-1921 607 $aIreland$xHistory$yCivil War, 1922-1923 615 4$aCommunity life -- Ireland -- Cork (County) -- History -- 20th century. 615 4$aCork (Ireland : County) -- History. 615 4$aIreland -- History -- 1910-1921. 615 4$aIreland -- History -- Civil War, 1922-1923. 615 4$aIreland -- History -- Easter Rising, 1916. 615 4$aIrish Republican Army -- History. 615 4$aViolence -- Ireland -- Cork (County) -- History -- 20th century. 676 $a941.5082/2 676 $a941.50822 700 $aHart$b Peter$0103141 801 0$bAU-PeEL 801 1$bAU-PeEL 801 2$bAU-PeEL 906 $aBOOK 912 $a9910792265603321 996 $aI.R.A. and its Enemies$93671155 997 $aUNINA LEADER 03110nam 2200553 450 001 9910826112203321 005 20200520144314.0 010 $a0-7190-9848-3 010 $a0-7190-9849-1 035 $a(CKB)3710000000529335 035 $a(EBL)4310823 035 $a(MiAaPQ)EBC4310823 035 $a(Au-PeEL)EBL4310823 035 $a(CaPaEBR)ebr11138649 035 $a(OCoLC)935258995 035 $a(DE-B1597)659299 035 $a(DE-B1597)9780719098499 035 $a(EXLCZ)993710000000529335 100 $a20160118h20142014 uy 0 101 0 $aeng 135 $aur|n|---||||| 181 $2rdacontent 182 $2rdamedia 183 $2rdacarrier 200 10$a'Red Ellen' Wilkinson $eher ideas, movements and world /$fMatt Perry 210 1$aManchester, England ;$aNew York, New York :$cManchester University Press,$d2014. 210 4$d2014 215 $a1 online resource (425 p.) 300 $aDescription based upon print version of record. 311 $a0-7190-9744-4 320 $aIncludes bibliographical references and index. 327 $a'RED ELLEN' WILKINSON: HER IDEAS, MOVEMENTS AND WORLD; Half Title Page; Title Page; Copyright; Contents; Preface; Acknowledgements; List of abbreviations; Introduction; 1. Socialist ideas and movements; 2. Feminism and the women's movement; 3. The trade union movement; 4. Against imperialism and war; 5. The Commons and the Parliamentary Labour Party; 6. A journey through the crisis years: the slump, travel and anti-fascism; 7. 'The hope of the world': Spain in revolution and war, 1933-39; 8. In government, 1940-47; Select bibliography; Index 330 $aUnearthing new evidence to provide a richer understanding of her life, this study, now available in paperback, delves beyond the familiar image of Ellen Wilkinson on the Jarrow Crusade. From a humble background, she ascended to the rank of minister in the 1945 Labour government. Yet she was much more than a conventional Labour politician. She wrote journalism, political theory and novels. She was both a socialist and a feminist; at times, she described herself as a revolutionary. She experienced Soviet Russia, the Indian civil disobedience campaign, the Spanish Civil War and the Third Reich. This study deploys transnational and social movement theory perspectives to grapple with the complex itinerary of her ideas. Interest in Wilkinson remains strong among academic and non-academic audiences alike. This is in part because her principal concerns - working-class representation, the status of women, capitalist crisis, war, anti-fascism - remain central to contentious politics today. 607 $aGreat Britain$xPolitics and government$y1936- 610 $aAnti-fascism. 610 $aLabour. 610 $aMarxism. 610 $abiography. 610 $afeminism. 610 $asocialism. 676 $a941.084092 700 $aPerry$b Matt$f1967-$0524158 801 0$bMiAaPQ 801 1$bMiAaPQ 801 2$bMiAaPQ 906 $aBOOK 912 $a9910826112203321 996 $aRed Ellen' Wilkinson$93988507 997 $aUNINA